000 01265nam a2200361 ia4500
003 OSt
005 20260518111856.0
008 260518s2025 my a br 000 1 may d
020 _a9786299990536
_qset
020 _a9786299990567
_cRM29.00
_qpaperback
040 _aPPAK
_beng
_cPPAK
_erda
082 0 4 _a499.2386
_223
090 0 0 _a499.2386
_bMIH
_dK
100 0 _aMihasya Jon,
_eauthor.
245 1 0 _aSISTEM RANGKA MANUSIA /
_cMIHASYA JON
246 3 3 _aSiri sains sistem tubuh manusia :
_bsistem rangka manusia
264 1 _aPetaling Jaya, Selangor :
_bKREATIF MEDIA RESOURCES,
_c2025
300 _a15 pages :
_bcolour illustrations ;
_c26 cm
336 _atext
_2rdacontent
336 _astill image
_2rdacontent
337 _aunmediated
_2rdamedia
338 _avolume
_2rdacarrier
490 1 _aSIRI SAINS SISTEM TUBUH MANUSIA
500 _aIncludes questions and answers.
650 1 0 _aMalay language
_vReaders
650 2 0 _aChildren's stories, Malay
650 2 0 _aHuman physiology
_vJuvenile literature
650 2 0 _aHuman skeleton
_vJuvenile literature
650 2 0 _aScience
_vJuvenile fiction
650 2 0 _aPicture books for children
830 0 _aSiri sains sistem tubuh manusia
942 _2ddc
_cB
999 _c204356
_d204356